Beitrag des Hörverstehens zur Entwicklung der Persönlichkeit der Lerner

Saved in:
Bibliographic Details
Main Author: Kucharová, Jana, 1981-
Other Authors: Kunovská, Ingrid, 1976-
Format: Book Chapter
Language:German
Tags: Add Tag
No Tags, Be the first to tag this record!

MARC

LEADER 00000naa$a2200000$$$4500
001 0262321
005 20260205105015.5
041 0 |a ger 
044 |a DE 
245 1 0 |a Beitrag des Hörverstehens zur Entwicklung der Persönlichkeit der Lerner  |c Jana Kucharová, Ingrid Kunovská 
100 1 |a Kucharová, Jana, 1981- 
700 1 |a Kunovská, Ingrid, 1976-